000 00407cam a2200157 4500
001 J128354
008 041220n2004 000 0 eng u
035 _a(Sirsi) u128354
041 _aeng
100 _aMinton, Anna
245 _aMind the gap
_btackling social polarisation through balanced communities
260 _aLondon
_bRICS
_c2004
520 _aView at www.rics.org.
856 _u
942 _n0
999 _c103896
_d103896